| 000 | 00690nam a22002177a 4500 | ||
|---|---|---|---|
| 999 |
_c14536 _d14536 |
||
| 003 | AR-CdUCM | ||
| 008 | 190423b ||||| |||| 00| 0 spa d | ||
| 020 | _a978-607-618-384-7 | ||
| 040 |
_aMUNICIPALIDAD PROVINCIAL DEL CUSCO _cBIBLIOTECA MUNICIPAL DEL CUSCO |
||
| 082 |
_aPI / 803 / _bS55 |
||
| 100 |
_aParker, Vic _930410 |
||
| 245 |
_aEl pez y la liebre : _bY otras historias disparatados / |
||
| 260 |
_aMéxico : _bMiles Kelly, _c2015. |
||
| 300 |
_a40 páginas ; _c22 cm. _bIlustraciones |
||
| 650 |
_aHistoria _9136 |
||
| 650 |
_aCuento _94671 |
||
| 650 |
_aNarrativa _967 |
||
| 700 |
_aCaballero, Samantha (Traducción) _924667 |
||
| 942 |
_2ddc _cLIBROS |
||
| 945 |
_arah _d23/04/2019 |
||